|
|
|
|
| LEADER |
00000nam0a2200000 4500 |
| 001 |
158371 |
| 005 |
20231101222031.0 |
| 010 |
|
|
|a 5648005652
|
| 035 |
|
|
|a (RuTPU)RU\TPU\book\171762
|
| 090 |
|
|
|a 158371
|
| 100 |
|
|
|a 20090422d1990 k y0rusy50 ca
|
| 101 |
0 |
|
|a rus
|
| 102 |
|
|
|a UZ
|
| 105 |
|
|
|a a z 001zy
|
| 200 |
1 |
|
|a Активационный анализ. Методология и применение
|f Академия наук Узбекской ССР (АН УзССР), Институт ядерной физики (ИЯФ); под ред. А. С. Штаня
|
| 210 |
|
|
|a Ташкент
|c Фан
|d 1990
|
| 215 |
|
|
|a 244 с.
|c ил.
|
| 320 |
|
|
|a Библиография в конце глав.
|
| 606 |
1 |
|
|a Активационный анализ
|2 stltpush
|3 (RuTPU)RU\TPU\subj\1659
|9 30391
|
| 610 |
1 |
|
|a методология
|
| 610 |
1 |
|
|a применение
|
| 610 |
1 |
|
|a развитие
|
| 610 |
1 |
|
|a геология
|
| 610 |
1 |
|
|a полупроводниковая техника
|
| 610 |
1 |
|
|a сельское хозяйство
|
| 675 |
|
|
|a 543.52
|v 3
|
| 702 |
|
1 |
|a Штань
|b А. С.
|4 340
|
| 712 |
0 |
2 |
|a Академия наук Узбекской ССР (АН УзССР)
|b Институт ядерной физики (ИЯФ)
|2 stltpush
|3 (RuTPU)RU\TPU\col\11486
|
| 801 |
|
1 |
|a RU
|b 63413507
|c 20090422
|g PSBO
|
| 801 |
|
2 |
|a RU
|b 63413507
|c 20170830
|g PSBO
|
| 942 |
|
|
|c BK
|